Statistics for Fenerbahçe ile en çok maça çıkan oyuncular

Click here to take the quiz!

General Stats

  • This quiz has been taken 94 times
  • The average score is 5 of 15

Answer Stats

HintAnswer% Correct
344Alex
100%
525Volkan Demirel
86%
258Aykut Kocaman
44%
250Caner Erkin
44%
361Gökhan Gönül
44%
227Emre Belözoğlu
39%
281Semih Şentürk
31%
365Rüştü Reçber
30%
298Mehmet Topal
27%
286Oğuz Çetin
21%
240Ümit Özat
15%
339Selçuk Şahin
13%
246Hasan Ali Kaldırım
11%
230Uche Okechukwu
7%
286Müjdat Yetkiner
6%

Score Distribution

Percentile by Number Answered

Percent of People with Each Score

Your Score History

You have not taken this quiz